000 00964cam a2200277 i 4500
001 j 66000855
003 DLC
005 20260227111521.0
008 990708s1950 ja b 000 0 jpn
010 _aj 66000855
035 _a(CStRLIN)DCLP99-B8579
040 _aDLC-R
_cDLC-R
_dDLC
043 _aa-ja---
050 0 0 _aLaw
066 _c$1
245 0 0 _6880-01
_aHanrei rōdōhō no kenkyū /
_cYanagawa Masao tō kyōcho.
260 _6880-02
_aTōkyō :
_bRōmu Gyōsei Kenkyūjo,
_cShōwa 25 [1950]
300 _a5, 40, 917, 20 p. ;
_c22 cm.
504 _aIncludes bibliographical references.
650 0 _aLabor laws and legislation
_zJapan.
650 0 _aLabor laws and legislation.
700 1 _6880-03
_aYanagawa, Masao,
_d1907-1986.
880 0 0 _6245-01/$1
_a判例労働法の研究 /
_c柳川真佐夫等共著.
880 _6260-02/$1
_a東京 :
_b労務行政研究所,
_c昭和 25 [1950]
880 1 _6700-03/$1
_a柳川真佐夫,
_d1907-1986
999 _c35073
_d35073